00629 2200241 4500001002100000005001500021035002000036245006100056100001200117250000600129300003500135700001700170260004700187082001100234084001700245020002200262650001800284990001700302990001700319990001700336990001700353990001700370INLIS00000000000005720180810040803 a0010-08180000211 aTata Cara Shalat Jum'at /cSopandi; Editor, Heda Afriani0 aSopandi a- aiv, 52 hlm. :bilus. ;c21 cm.0 aHeda Afriani aBandung :bPT Imperial Bhakti Utama,c2009 a297.36 a297.36 SOP t a978-602-8318-31-0 aShalat Jum'at a00238/P/2018 a00239/P/2018 a00240/P/2018 a00241/P/2018 a00242/P/2018